| 000 | 00659nam a22002537a 4500 | ||
|---|---|---|---|
| 999 |
_c12008 _d12008 |
||
| 001 | 12008 | ||
| 003 | BD-JhCC | ||
| 005 | 20210930134021.0 | ||
| 008 | 210303s2006 USA |||| |||| 000 0 eng d | ||
| 020 | _a9780143064268 | ||
| 035 | _a(BD-JhCC)12008 | ||
| 040 |
_aBD-JhCC _dBD-JhCC |
||
| 041 | _aeng | ||
| 082 |
_a338.005 _bBAG 2006 |
||
| 100 | _aBagchi, Subroto | ||
| 245 |
_aThe high performance entrepreneur / _cSubroto Bagchi |
||
| 260 |
_aUSA : _bPenguin Random House, _c2006. |
||
| 300 |
_aix, 244 p. : _c21 cm. |
||
| 504 | _aIncludes Reference | ||
| 650 | _aSelf-employed | ||
| 650 | _aBusiness | ||
| 650 | _aEntrepreneur | ||
| 942 |
_2ddc _cBK _02 |
||